书目信息 |
| 题名: |
职业教育的凝思与创新
|
|
| 作者: | 张健 著 | |
| 分册: | ||
| 出版信息: | 北京 人民日报出版社 2014 |
|
| 页数: | 255页 | |
| 开本: | 24cm | |
| 丛书名: | ||
| 单 册: | ||
| 中图分类: | G71-53 | |
| 科图分类: | ||
| 主题词: | 职业教育--文集 | |
| 电子资源: | ||
| ISBN: | 978-7-5115-2627-4 | |
| 000 | 00889nam0 2200241 450 | |
| 001 | 0103337424 | |
| 005 | 20150213160904.0 | |
| 010 | @a978-7-5115-2627-4@dCNY49.00 | |
| 100 | @a20141202d2014 em y0chiy0120 ea | |
| 101 | 0 | @achi |
| 102 | @aCN@b110000 | |
| 105 | @ay z 000yy | |
| 106 | @ar | |
| 200 | 1 | @a职业教育的凝思与创新@9Zhi Ye Jiao Yu;Yo De;Di Ning Si;Sai Yu Chuang Xin @f张健著@b专著 |
| 210 | @a北京@c人民日报出版社@d2014 | |
| 215 | @a255页@d24cm | |
| 300 | @a人民日报学术文库 | |
| 330 | @a本书共分哲学况味的解读,课改创新的沉思,科研实践的澄明,教师成长的守望,方法探求的反思,创新感悟的追问六个板块,主要内容包括:把怎样的职业教育带向未来;职业教育:别忘了为什么出发;职业教育的整合特性与创新取向等。 | |
| 606 | 0 | @a职业教育@j文集 |
| 690 | @aG71-53@v5 | |
| 701 | 0 | @a张健@9zhang jian@f(1955~)@4著 |
| 801 | 0 | @aCN@bNJLIB@c20140829 |
| 905 | @aBZT@dG71-53@e1@f1@sG71-53/1 | |
| 职业教育的凝思与创新/张健著.-北京:人民日报出版社,2014 |
| 255页;24cm |
| 人民日报学术文库 |
| ISBN 978-7-5115-2627-4:CNY49.00 |
| 本书共分哲学况味的解读,课改创新的沉思,科研实践的澄明,教师成长的守望,方法探求的反思,创新感悟的追问六个板块,主要内容包括:把怎样的职业教育带向未来;职业教育:别忘了为什么出发;职业教育的整合特性与创新取向等。 |
| ● |
| 相关链接 |
|
|
|
正题名:职业教育的凝思与创新
索取号:G71-53/1
 
预约/预借
| 序号 | 登录号 | 条形码 | 馆藏地/架位号 | 状态 | 备注 |
| 1 | 2000031062 | 2000031062 | 旧书回溯/ [索取号:G71-53/1] | 在馆 |